| 000 | 00567nam a2200217 a 4500 | ||
|---|---|---|---|
| 001 | 0001-2028 | ||
| 003 | ELIB.Books | ||
| 008 | 190620 2010 eng | ||
| 020 | _aKBTS | ||
| 092 |
_a248.8 _bCra |
||
| 100 | _aCrabb, Lawrence. | ||
| 245 | _aThe Marriage Builder | ||
| 260 |
_aGrand Rapids, Michigan _bZondervan Publishing House _c1991 |
||
| 300 |
_a143 _c22 Cm |
||
| 650 | _aChristian Marriage | ||
| 856 |
_nKBTS Library _uKBTS Elib |
||
| 942 |
_2ddc _cBK |
||
| 990 | _a1 | ||
| 998 |
_aEnglishbooks.elf _ccat _e2019-06-20 |
||
| 999 |
_c12028 _d12028 |
||